000 00688nas a2200241 4500
001 BR7600983
003 BR-BrBNA
005 20231205082916.0
007 ta
008 230509b bl.|||p| |||| 00| 00por d
040 _aBR-BrBNA
_bpor
_cBiblioteca Nacional de Agricultura
041 _a(Pt)
072 _aL50
100 1 _aZerbini, R.N.
100 1 _aBerberian, A.
245 1 _aMudanca de cor em crustaceos
650 _aFISIOLOGIA ANIMAL
650 _aBIOQUIMICA ANIMAL
650 _aCRUSTACEO
773 0 _tRevista Brasileira de Medicina Veterinaria (Brazil)
_x
_g(Mar 1975), v. 10(3) p. 179-194
_wBR7600983
909 _a202311
_bLúcia
_c55
_dLúcia Elande
942 _2AGRIS
_n0
_cANA
999 _c95030
_d95030